| 000 | 00632nam a2200241 i 4500 | ||
|---|---|---|---|
| 001 | C2-0254341 | ||
| 003 | PPAK | ||
| 005 | 20180727222008.0 | ||
| 008 | 040429s1980 ua |||| ||||| | ara d | ||
| 040 |
_aPPAK _beng _cPPAK _erda |
||
| 082 | 0 | 4 |
_a297.124 _223 |
| 090 | 0 | 0 |
_a297.124 _bMUH _dR |
| 100 | 0 |
_aMuhammad Mahyuddin Abdul Hamid, _eauthor |
|
| 245 | 1 | 0 | _aSyarah Ibni Aqil |
| 264 | 1 |
_aKaherah : _bMartabah Darul Turos , _c1980 |
|
| 300 |
_a1 Jilid ; _c24 cm |
||
| 336 |
_2rdacontent _atext |
||
| 337 |
_2rdamedia _aunmediated |
||
| 338 |
_2rdacarrier _avolume |
||
| 500 | _aJilid 1&2 | ||
| 650 | 1 | 0 | _aHadith |
| 942 |
_ddc _cB |
||
| 999 |
_c67082 _d67082 |
||